00315nam a2200121 a 450000500170000000800410001702000180005805000180007624500320009426000280012644000160015465000230017020140412111406.0070710s19uu xx 00 eng d a0-394-92569-6 aERbWi66 1975 aWinnie the pooh and tigger. aU.S.A :bDisney,c1975. aWalt disney aFriendship-fiction